01124 2200349 4500001002100000005001500021035002000036007000300056008004100059020002200100040002200122082001700144084002000161090002400181090002100205100003700226245014200263250003200405300004300437650003200480700005000512850001200562041000800574264003600582336002100618337003000639338002300669500001100692504002900703999002100732990002100753INLIS00000000084480320190715030740 a0010-0319000326ta190325 2018 yoia g ind d a978-602-453-873-6 aYOPDYOGbinderda04223a915.9862 a915.9862 I GU s aDEP 915.9862 I GU s aCB-D.11 2018-8520 aI Gusti Bagus Rai Utamaepenulis aSegmentasi pengunjung daya tarik wisata budaya dunia Jatiluwih /cpenulis, I Gusti Bagus Rai Utama & Ni Luh Christine Prawita Sari Suyasa aCetakan pertama: Maret 2018 avi, 78 halaman :bfoto, tabel ;c23 cm 4aIndustri pariwisata--zBali0 aNi Luh Christine Prawita Sari Suyasaepenulis aYOPDYOG0 aind31aYogyakarta :bDeepublish,c2018 2rdacontentateks 2rdamediaatanpa perantara 2rdacarrieravolume aindeks aBibliografi : halaman 73 aCB-D.11/2018-852 aCB-D.11/2018-852